00327 2200145 4500001002100000005001500021035002000036245003600056100001100092300001200103260003100115082000800146084001400154990001300168INLIS00000000000237620250528113908 a0010-05250006681 aDi Ujung Jalan Sungai /cMira W0 aMira W a224 hlm aJakarta :bGramedia,c2002 a813 a813 MIR d a07.12273